000 00641nam a2200181Ia 4500
008 090123s9999 xx 000 0 und d
082 _b34257
100 _aवसेकर विश्वास
245 _aजग सुदर करण्याचा ध्यास
250 _a1
260 _bउत्कर्ष प्रकाशन
300 _a84
600 _aवसेकर विश्वास
630 _aजग सुदर करण्याचा ध्यास
700 _aवसेकर विश्वास
730 _aजग सुदर करण्याचा ध्यास
942 _cBOOK
999 _c72296
_d72296